К проблеме сравнительного изучения понятия обладания на материале французского и русского языков; Молодой ученый; № 8 (88)
| Parent link: | Молодой ученый: ежемесячный научный журнал.— , 2008- № 8 (88).— 2015.— [С. 1151-1153] |
|---|---|
| Main Author: | |
| Corporate Author: | |
| Other Authors: | |
| Summary: | Заглавие с экрана Объектом настоящего исследования являются лексические единицы, обслуживающие понятие обладания в исследуемых языках. Предмет исследования — изучение структуры понятия обладания в рассматриваемых языках как отражение особенностей национального мировидения. Режим доступа: по договору с организацией-держателем ресурса |
| Language: | Russian |
| Published: |
2015
|
| Series: | Филолология |
| Subjects: | |
| Online Access: | http://www.moluch.ru/archive/88/17671/ http://elibrary.ru/item.asp?id=23295871 |
| Format: | Electronic Book Chapter |
| KOHA link: | https://koha.lib.tpu.ru/cgi-bin/koha/opac-detail.pl?biblionumber=642434 |
MARC
| LEADER | 00000nla0a2200000 4500 | ||
|---|---|---|---|
| 001 | 642434 | ||
| 005 | 20250204142654.0 | ||
| 035 | |a (RuTPU)RU\TPU\network\7391 | ||
| 035 | |a RU\TPU\network\7389 | ||
| 090 | |a 642434 | ||
| 100 | |a 20150624d2015 k||y0rusy50 ca | ||
| 101 | 0 | |a rus | |
| 102 | |a RU | ||
| 135 | |a drcn ---uucaa | ||
| 181 | 0 | |a i | |
| 182 | 0 | |a b | |
| 200 | 1 | |a К проблеме сравнительного изучения понятия обладания на материале французского и русского языков |f А. А. Риндевич, А. Э. Сенцов | |
| 203 | |a Текст |c электронный | ||
| 225 | 1 | |a Филолология | |
| 300 | |a Заглавие с экрана | ||
| 320 | |a [Библиогр.: с. 1153 (6 назв.)] | ||
| 330 | |a Объектом настоящего исследования являются лексические единицы, обслуживающие понятие обладания в исследуемых языках. Предмет исследования — изучение структуры понятия обладания в рассматриваемых языках как отражение особенностей национального мировидения. | ||
| 333 | |a Режим доступа: по договору с организацией-держателем ресурса | ||
| 461 | |t Молодой ученый |o ежемесячный научный журнал |d 2008- | ||
| 463 | |t № 8 (88) |v [С. 1151-1153] |d 2015 | ||
| 610 | 1 | |a электронный ресурс | |
| 610 | 1 | |a труды учёных ТПУ | |
| 610 | 1 | |a менталитет | |
| 610 | 1 | |a обладание | |
| 610 | 1 | |a лексические единицы | |
| 610 | 1 | |a лексические группы | |
| 700 | 1 | |a Риндевич |b А. А. |g Анатолий Анатольевич | |
| 701 | 1 | |a Сенцов |b А. Э. |c лингвист |c доцент Томского политехнического университета, кандидат политических наук |f 1983- |g Аркадий Эдуардович |3 (RuTPU)RU\TPU\pers\27933 | |
| 712 | 0 | 2 | |a Национальный исследовательский Томский политехнический университет (ТПУ) |b Институт неразрушающего контроля (ИНК) |b Кафедра иностранных языков Института неразрушающего контроля (ИЯНК) |3 (RuTPU)RU\TPU\col\18721 |
| 801 | 2 | |a RU |b 63413507 |c 20150624 |g RCR | |
| 856 | 4 | 0 | |u http://www.moluch.ru/archive/88/17671/ |
| 856 | 4 | 0 | |u http://elibrary.ru/item.asp?id=23295871 |
| 942 | |c CF | ||